000 00193nam a22000977a 4500
082 _a823
_bAND/F
100 _aANDREWS PAUL
245 _aFARM ANIMALS
650 _aENGLISH SHORT STORY
942 _cBK
999 _c2714
_d2714